000
00325nam a2200133Ia 4500
008
190723s9999 xx 000 0 und d
020
_a
978-0-7879-8280-5
100
_a
Deborah L. Duarta
245
0
_a
Mastering Virtual Teams
250
_a
3rd
260
_a
San Francisco
_b
Jossey Bass
_c
2006
300
_a
251.:p
942
_c
BK
999
_c
1709
_d
1709